000 00436cam a2200181ua 4500
020 _c1.00
041 _amal
_h
082 _a894.812
_bSUK/RA
100 _aSukumar, Azheekode .
245 _aRamanum Malayalakavithayum /
_cSukumar Azheekode.
_hTextual Documents
260 _aKannoor :
_bK.P.Brothers.
300 _a104 ; .
365 _a1.00
504 _a
942 _cBK
999 _c11402
_d11402